000 00486nam a2200169 a 4500
005 20260410144508.0
008 260309s2026##################000#0#eng##
020 _a9780841132938
082 0 4 _a340.115
_bWIC
100 _aWickam,Gary
245 1 0 _aRethinking Law, Society and Governance: Foucault's Bequest.
_c/edited Gary Wickham
260 _aNorth America
_bHart Publishing
_c2001
300 _a176p.
_c;23cm
650 _aLaw
700 _aGeorge Pavlich.
942 _cENGLISH
999 _c617230
_d617230